000
00181nam a2200097Ia 4500
100
_a
#N/A
942
_c
BK
245
_a
MASTERING UISUAL BASIC 6
260
_b
#N/A
546
_a
ENGLISH
999
_c
31920
_d
31920